000 01056nam a22002897a 4500
001 BR9507482
003 BR-BrBNA
005 20230928094718.0
007 ta
008 230509b bl.||||| |||| 00| 0 por d
040 _aBR-BrBNA
_bpor
_cBiblioteca Nacional de Agricultura
041 _a(Por)
072 _aF60
_b1410
090 _ 1410 BR9507482
100 1 _aOliveira, E.T. de
110 1 _aEscola Superior de Agricultura Luiz de Queiroz, Piracicaba, SP (Brasil)
_0Tese (Mestre em Ciencias)
245 1 _aAtividade especifica das enzimas desidrogenase de glutamato, sintetase de glutamina e sintase de glutamato em eixos embrionarios de feijoeiro (Phaseolus vulgaris L. cv. Carioca SH 80)"in vitro" em presenca de diferentes fontes de nitrogenio
260 3 _aPiracicaba, SP (Brasil):
_c1995.
300 _a102 p.
500 _aSummaries (Eng, Por); 8 illus.; 108 ref.
650 _aFeijao
650 _aAtividade Enzimica
650 _aCultura de Embriao
650 _aNitrogenio
909 _a202309
_bLucia
_c55
_dLucia Elande
942 _cBK
999 _c52219
_d52219